| Record ID | ia:crashdiveinactio0000dick |
| Source | Internet Archive |
| Download MARC XML | https://archive.org/download/crashdiveinactio0000dick/crashdiveinactio0000dick_marc.xml |
| Download MARC binary | https://www.archive.org/download/crashdiveinactio0000dick/crashdiveinactio0000dick_meta.mrc |
LEADER: 02072cam 2200589Ma 4500
001 ocm50940574
003 OCoLC
005 20211029200235.0
008 021016r20031999enkacfh 001 0aeng
040 $aUKM$beng$cUKM$dOCLCQ$dNZFRA$dUKSOM$dOCLCQ$dOCLCO$dOCLCQ$dOCLCF$dOCLCQ$dOCL$dOCLCO
015 $aGBA2U2098$2bnb
020 $a0750931744
020 $a9780750931748
035 $a(OCoLC)50940574
082 04 $a940.5451092$222
100 1 $aDickison, Arthur.
245 10 $aCrash dive :$bin action with HMS Safari, 1942-43 /$cArthur Dickison.
260 $aStroud :$bSutton,$c2003.
300 $a224 pages, 16 unnumbered pages of plates :$billustrations, facsimile, portraits ;$c20 cm
336 $atext$btxt$2rdacontent
337 $aunmediated$bn$2rdamedia
338 $avolume$bnc$2rdacarrier
500 $aOriginally published: 1999.
500 $aIncludes index.
500 $aPublished in association with the Royal Navy Submarine Museum.
500 $aPublisher's no. CLONE.
600 10 $aDickison, Arthur P.$vDiaries.
610 20 $aSafari (Ship)
650 0 $aWorld War, 1939-1945$xNaval operations$xSubmarine.
650 0 $aWorld War, 1939-1945$vPersonal narratives, British.
650 7 $aMilitary operations, Naval$xSubmarine.$2fast$0(OCoLC)fst01710248
647 7 $aWorld War$d(1939-1945)$2fast$0(OCoLC)fst01180924
648 7 $a1939-1945$2fast
655 7 $aDiaries.$2fast$0(OCoLC)fst01423794
655 7 $aPersonal narratives$vBritish.$2fast$0(OCoLC)fst01424087
710 2 $aRoyal Navy Submarine Museum.
029 1 $aAU@$b000025463877
029 1 $aAU@$b000027377282
029 1 $aNZ1$b14635339
029 1 $aNZ1$b7265576
029 1 $aUKBCI$b019523629
029 1 $aUKBNS$b019523629
029 1 $aUKDON$b0750931744
029 1 $aUKDOR$b019523629
029 1 $aUKPTR$b0750931744
029 1 $aUKSCO$b019523629
029 1 $aUKSGC$b019523629
029 1 $aUKSOM$b019523629
029 1 $aUKTLS$b019523629
029 1 $aUNITY$b019523629
994 $aZ0$bP4A
948 $hNO HOLDINGS IN P4A - 23 OTHER HOLDINGS